000 00298nam a2200097Ia 4500
008 220204s9999 xx 000 0 und d
082 _aNR:058:631.961963
_bRUB.3
245 0 _aDirectory of rubber estates and holdings in India. 1963. V 2 and V 3
260 _aKottayam
_bRubber Board
_c1963
942 _cBK
999 _c20198
_d20198